Регионална библиотека "Любен Каравелов" - Русе

Преглед српске кньижевности (Запис номер 344341)

MARC детайли
000 -Лидер
Контролно поле с фиксирана дължина 01094nam a2200277 c 4500
003 - Код на организацията, давaща контролен номер
Контролно поле BLK
005 - Дата и час на последна редакция
Контролно поле 20210722133517.0
008 - Елементи от данни с фиксирана дължина
fixed length control field 180911b bul|||||r ||||||| ||bul||
010 ## - Наследен системен номер
LC control number 004006
040 ## - Източник на каталожния запис
Идентификатор на билиотеката - собственик на записа BLK
041 ## - Код за език
Код за езика на текст/звукозапис или на отделно заглавие Сръбски
Код за езика КДБФ Български
080 ## - УДК
УДК - код + определител 886.1.09
100 1# - Редна дума - Автор
Автор ПОПОВИЧ, Павле
Авторска отговорност първи автор
R(LIN) 397607
245 00 - Сведения за заглавието
Заглавие Преглед српске кньижевности
246 ## - Различни форми на заглавието
Паралелно заглавие Стара кньижевност ; Нар. кньижевност ; Дубровачка кньижевност
260 ## - Област на издателските данни
Място на издаване, разпространение и проч. Београд
Име на издателя, разпространителя и проч. штамп. Давидович
Година на издаване 1909
300 ## - Физическа характеристика
Страници ХХIV, 486 с
Размери/Мащаб 18 см
380 ## - Жанр
Жанр Литературознание
490 ## - СЕРИИ (Колекции)
Име на серия Частна колекция - Академик Михаил Арнаудов
Бележки за серията Дарение - Основен фонд
500 ## - Общи забележки
Забележка Михаил Арнаудов: на други лица-книга. - Библ. № 475 и печат на библиотеката в Пирот.
655 ## - Ключова дума – жанр/разновидност
Данни за жанр/разновидност или ключова дума за фокус Литературознание
700 1# - Други автори (авторска отговорност)
Лично име Попович, Павле
9 (RLIN) 398591
852 ## - Местоположение
Форматна сигнатура МА 1919
999 ## - СИСТЕМНИ КОНТРОЛНИ НОМЕРА
Koha biblionumber 344341
Koha biblioitemnumber 344341
942 ## - АРТИКУЛИ
Вид на библиотечния материал Книги
Скрит в OPAC Не
Периодичен библиозапис Да
944 ## - СЪЗДАВАНЕ И РЕДАКЦИЯ на ЗАПИСА
Създаване/Редакция Създаване
Дата на регистрацията/редакция 1996
Служител, извършил регистрацията/редакцията ValK
999 ## - СИСТЕМНИ КОНТРОЛНИ НОМЕРА
Koha biblioitemnumber 344341
Наличности
Код за отписване Код за изгубен артикул Източник на класификационната схема Код за повреда Коз за рестрикции Код за отдаване Артикулен № Име на библиотеката - собственик Име на библиотеката, в която се намира в момента Статус (Текущо местоположение) Местоположение - отдел Цена в лева Номерация (Хронология) Инвентарен номер Систематично азбучна сигнатура Баркод Номер на екземпляра Цена в евро Служебен тип на артикула
  Не е изгубен Universal Decimal Classification Не е повреден без рестрикции Специални фондове ( старопечатни, редки и ценни, фонд М. Арнаудов) 744741 Регионална библиотека "Любен Каравелов" Русе Регионална библиотека "Любен Каравелов" Русе Фонд "Михаил Арнаудов" Фонд "Михаил Арнаудов" 30.00   589873 МА 1919 120000589873 1 15.34 Книги
Vip Innovations Ltd, Rousse, Bulgaria 2025